00252 a2200121 4500001000700000020000600007040001100013100002700024240003400051245002900085300000700114362000900121184156 a  cMagnum aVieira, Thereza Freire10aTuti e a pitanga voadoralpor10aTuti e a pitanga voadora a560 a1994